Luật cạnh tranh của Pháp và lên minh châu Âu

Saved in:
Bibliographic Details
Main Author: Nguyễn, Hữu Huyên
Format: Book
Language:Undetermined
Published: Hà Nội Tư Pháp 2004
Subjects:
Tags: Add Tag
No Tags, Be the first to tag this record!
Institutions: Trung tâm Học liệu Trường Đại học Cần Thơ
LEADER 00625nam a2200217Ia 4500
001 CTU_74718
008 210402s9999 xx 000 0 und d
020 |b 25500 
082 |a 341 
082 |b H527 
100 |a Nguyễn, Hữu Huyên 
245 0 |a Luật cạnh tranh của Pháp và lên minh châu Âu 
245 0 |c Nguyễn Hữu Huyên 
260 |a Hà Nội 
260 |b Tư Pháp 
260 |c 2004 
526 |a Pháp luật về cạnh tranh 
526 |b KL612 
650 |a International law 
904 |i Tuyến 
980 |a Trung tâm Học liệu Trường Đại học Cần Thơ